Năng lượng mới số 65
Nội dung số này trình bày: PETROVIETNAM hỗ trợ xây dựng mái ấm tình thương tại Hà Nội; Lần đầu tới cột mốc ngoài khơi; PETROSETCO tâm vững sáng-thế vươn tầm; công ty khí cà mau tỏa sáng thành công gắn kết tình người...
Đã lưu trong:
| Định dạng: | Sách |
|---|---|
| Ngôn ngữ: | Vietnamese |
| Được phát hành: |
H.
Hội dầu khí Việt Nam
2021
|
| Những chủ đề: | |
| Các nhãn: |
Thêm thẻ
Không có thẻ, Là người đầu tiên thẻ bản ghi này!
|
| Thư viện lưu trữ: | Thư viện Trường Đại học Nam Cần Thơ |
|---|
| LEADER | 01118nam a22002177a 4500 | ||
|---|---|---|---|
| 001 | NCT_114015 | ||
| 008 | 220304b xxu||||| |||| 00| 0 vie d | ||
| 999 | |c 5808 |d 5808 | ||
| 041 | 0 | |a vie | |
| 082 | 0 | 4 | |2 23rd ed. |a 333.79 |b N116L |
| 245 | 0 | 0 | |a Năng lượng mới |n số 65 |c Hội dầu khí Việt Nam |
| 260 | |a H. |b Hội dầu khí Việt Nam |c 2021 | ||
| 300 | |c 28cm | ||
| 310 | |a Phát hành thứ ba hàng tuần | ||
| 362 | |a 29/6/2021 | ||
| 520 | 3 | |a Nội dung số này trình bày: PETROVIETNAM hỗ trợ xây dựng mái ấm tình thương tại Hà Nội; Lần đầu tới cột mốc ngoài khơi; PETROSETCO tâm vững sáng-thế vươn tầm; công ty khí cà mau tỏa sáng thành công gắn kết tình người | |
| 653 | |a Công nghệ kỹ thuật ô tô | ||
| 655 | |a Tạp chí | ||
| 942 | |2 ddc |c CR | ||
| 952 | |0 0 |1 0 |2 ddc |4 0 |6 333_790000000000000_N116L |7 0 |9 23317 |a 000001 |b 000001 |d 2022-04-26 |o 333.79 N116L |r 2022-04-26 |w 2022-04-26 |y CR | ||
| 980 | |a Thư viện Trường Đại học Nam Cần Thơ | ||